[Event "Sao Carlos Intermed-chT"]
[Site "Sao Carlos"]
[Date "2019.09.03"]
[Round "2.1"]
[White "Gomez, Gustavo Pizzocaro"]
[Black "Martins, Andre Giacomazzi"]
[Result "1-0"]
[WhiteElo "2141"]
[BlackElo "1497"]
[PlyCount "62"]
[EventDate "2019.09.02"]
[EventType "team-swiss"]
[EventRounds "5"]
[EventCountry "BRA"]
[SourceTitle "EXT 2020"]
[Source "ChessBase"]
[SourceDate "2019.10.17"]
[SourceVersion "1"]
[SourceVersionDate "2019.10.17"]
[SourceQuality "1"]
[WhiteTeam "Mogi"]
[BlackTeam "Santa Casa"]
[WhiteTeamCountry "BRA"]
[BlackTeamCountry "BRA"]

1. d4 d5 2. c4 e6 3. e3 c6 4. b3 Nf6 5. Bd3 c5 6. Nf3 cxd4 7. exd4 dxc4 8. bxc4 Bb4+ 9. Bd2 Bxd2+ 10. Nbxd2 0-0 11. 0-0 b6 12. a4 Nc6 13. Nb3 Bb7 14. Ne5 Nxe5 15. dxe5 Nd7 16. Re1 Qg5 17. g3 Rfd8 18. h4 Qe7 19. Qc2 h6 20. a5 Nc5 21. Nxc5 Qxc5 22. a6 Bc6 23. Bh7+ Kf8 24. Be4 Kg8 25. Red1 Rac8 26. Rac1 Rxd1+ 27. Rxd1 b5 28. Bxc6 Qxc6 29. c5 Qxc5 30. Rd8+ Rxd8 31. Qxc5 Rb8 1-0

[Event "Sao Paulo Hebraica op 24th"]
[Site "Sao Paulo"]
[Date "2017.01.14"]
[Round "4"]
[White "Gomez, Gustavo Pizzocaro"]
[Black "Hoshino, Karen M"]
[Result "1-0"]
[WhiteElo "2149"]
[BlackElo "1919"]
[PlyCount "45"]
[EventDate "2017.01.13"]
[EventType "swiss"]
[EventRounds "6"]
[EventCountry "BRA"]
[SourceTitle "CBM 176 Extra"]
[Source "ChessBase"]
[SourceDate "2017.03.02"]
[SourceVersion "1"]
[SourceVersionDate "2017.03.02"]
[SourceQuality "1"]

1. d4 d5 2. c4 dxc4 3. e3 Nf6 4. Nf3 e6 5. Bxc4 c5 6. 0-0 Nc6 7. Qe2 cxd4 8. Rd1 Be7 9. exd4 Qc7 10. Nc3 a6 11. Bb3 0-0 12. Bg5 Rd8 13. Rac1 h6 14. Bh4 b5 15. d5 exd5 16. Bxf6 Bxf6 17. Nxd5 Qb7 18. Nxf6+ gxf6 19. Rxd8+ Nxd8 20. Qe8+ Kg7 21. Qxd8 Bg4 22. Qd5 Bxf3 23. Qxf3 1-0

[Event "Sao Paulo ECP Etapa Siegmund Gansl I"]
[Site "Sao Paulo"]
[Date "2015.06.13"]
[Round "3.5"]
[White "Dias, Joao Batista de Sou"]
[Black "Gomez, Gustavo Pizzocaro"]
[Result "0-1"]
[WhiteElo "1871"]
[BlackElo "2125"]
[PlyCount "124"]
[EventDate "2015.06.12"]
[EventType "swiss"]
[EventRounds "6"]
[EventCountry "BRA"]
[SourceTitle "EXT 2022"]
[Source "ChessBase"]
[SourceDate "2021.10.06"]
[SourceVersion "1"]
[SourceVersionDate "2021.10.06"]
[SourceQuality "1"]

1. e4 c5 2. f4 Nc6 3. Nf3 g6 4. Bc4 Bg7 5. c3 e6 6. 0-0 Nge7 7. d3 d5 8. Bb3 0-0 9. Be3 b6 10. Nbd2 Ba6 11. Bc2 dxe4 12. Nxe4 Nd5 13. Bd2 Qc7 14. Ne1 Rad8 15. Qf3 Nf6 16. Rd1 Bb7 17. Nxf6+ Bxf6 18. Qh3 Ne7 19. Nf3 Bg7 20. Ng5 h6 21. Ne4 Rd5 22. Ng3 Nf5 23. Ne4 Rfd8 24. Bc1 b5 25. g4 Nd6 26. Nxd6 Qxd6 27. f5 exf5 28. gxf5 Bc8 29. d4 cxd4 30. Be4 Bxf5 31. Bxf5 Rxf5 32. Rxf5 gxf5 33. Qxf5 Qe6 34. Qxe6 fxe6 35. cxd4 Bxd4+ 36. Kg2 Rd5 37. Kf3 Bg7 38. Rg1 Kf7 39. Ke4 Rd4+ 40. Kf3 Rc4 41. Bf4 e5 42. Be3 Rc2 43. Rg2 e4+ 44. Kg3 Rxg2+ 45. Kxg2 a5 46. Kg3 Be5+ 47. Kg4 Kg6 48. h3 h5+ 49. Kh4 Bxb2 50. Kg3 Kf5 51. Kh4 Kg6 52. Kg3 Be5+ 53. Kf2 Kf5 54. Ke2 Bc3 55. Kf2 Ke5 56. Ke2 Kd5 57. Bc1 Bd4 58. Bd2 b4 59. Kd1 Kc4 60. Kc2 a4 61. Be1 b3+ 62. axb3+ axb3+ 0-1

[Event "Curitiba Jabur Memorial op"]
[Site "Curitiba"]
[Date "2010.12.??"]
[Round "4"]
[White "Gomez, Gustavo Pizzocaro"]
[Black "Fusco, Leonardo"]
[Result "0-1"]
[WhiteElo "2142"]
[BlackElo "2359"]
[PlyCount "56"]
[EventDate "2010.12.??"]
[EventType "swiss"]
[EventRounds "6"]
[EventCountry "BRA"]
[SourceTitle "CBM 140 Extra"]
[Source "ChessBase"]
[SourceDate "2011.03.01"]
[SourceVersion "1"]
[SourceVersionDate "2011.03.01"]
[SourceQuality "1"]

1. d4 Nf6 2. Bg5 d5 3. Bxf6 gxf6 4. Nf3 c5 5. c3 e6 6. Nbd2 Nc6 7. e3 Bd7 8. a3 f5 9. c4 cxd4 10. exd4 Bg7 11. cxd5 Nxd4 12. Nxd4 Bxd4 13. Be2 0-0 14. 0-0 Bxb2 15. Rb1 Bxa3 16. Rxb7 exd5 17. Qb3 Bd6 18. Qh3 Be6 19. Bd3 Qf6 20. Rc1 h6 21. Nf3 Rfb8 22. Rcb1 f4 23. Qh5 a5 24. h4 a4 25. Ng5 hxg5 26. hxg5 Qh8 27. Qe2 Rxb7 28. Rxb7 Qh2+ 0-1

[Event "Figueres op 11th"]
[Site "Figueres"]
[Date "2010.08.14"]
[Round "4"]
[White "Gomez, Gustavo Pizzocaro"]
[Black "Garcia Castany Musellas, Gal La"]
[Result "1-0"]
[WhiteElo "2142"]
[BlackElo "1728"]
[PlyCount "63"]
[EventDate "2010.08.11"]
[EventType "swiss"]
[EventRounds "9"]
[EventCountry "ESP"]
[SourceTitle "CBM 137 Extra"]
[Source "ChessBase"]
[SourceDate "2010.09.01"]
[SourceVersion "1"]
[SourceVersionDate "2010.09.01"]
[SourceQuality "1"]

1. d4 d5 2. Nf3 Nf6 3. c4 e6 4. e3 c6 5. b3 Nbd7 6. Nbd2 Bd6 7. Bb2 0-0 8. Bd3 Qe7 9. Ne5 Ne8 10. 0-0 f6 11. Nxd7 Bxd7 12. e4 Nc7 13. f4 dxe4 14. Nxe4 c5 15. b4 f5 16. Nxd6 Qxd6 17. dxc5 Qe7 18. Be5 Ne8 19. Be2 a5 20. a3 Bc6 21. Bd6 Nxd6 22. cxd6 Qf6 23. b5 Be4 24. c5 Rac8 25. Rc1 Rfd8 26. Qd2 h6 27. Bf3 Bxf3 28. Rxf3 e5 29. Qd5+ Kh7 30. fxe5 Qg5 31. Rcf1 a4 32. c6 1-0

[Event "Figueres op 11th"]
[Site "Figueres"]
[Date "2010.08.11"]
[Round "1"]
[White "Idoate Arrazurria, Ricardo"]
[Black "Gomez, Gustavo Pizzocaro"]
[Result "0-1"]
[WhiteElo "1599"]
[BlackElo "2142"]
[PlyCount "100"]
[EventDate "2010.08.11"]
[EventType "swiss"]
[EventRounds "9"]
[EventCountry "ESP"]
[SourceTitle "CBM 137 Extra"]
[Source "ChessBase"]
[SourceDate "2010.09.01"]
[SourceVersion "1"]
[SourceVersionDate "2010.09.01"]
[SourceQuality "1"]

1. e4 c5 2. Nf3 Nc6 3. d4 cxd4 4. Nxd4 e6 5. Be2 a6 6. Be3 Nf6 7. Nc3 Bb4 8. Nxc6 bxc6 9. Bg5 h6 10. Bxf6 Qxf6 11. Qd2 0-0 12. 0-0 Bxc3 13. Qxc3 Qxc3 14. bxc3 d5 15. Bd3 a5 16. Rab1 Ba6 17. Rb6 Bxd3 18. cxd3 dxe4 19. dxe4 Rfd8 20. Rxc6 Rd2 21. a4 Ra2 22. Rc4 Rb8 23. g3 g5 24. Kg2 Kg7 25. Kf3 Rbb2 26. h3 Kg6 27. g4 Ra3 28. Rd1 Rc2 29. Ke3 Rcxc3+ 30. Rxc3 Rxc3+ 31. Rd3 Rc1 32. e5 Re1+ 33. Kd4 Ra1 34. Kc5 Rxa4 35. Kb5 Ra2 36. Rf3 Re2 37. Kxa5 Rxe5+ 38. Kb6 Re4 39. Kc5 f5 40. gxf5+ exf5 41. Kd5 Re7 42. Kd4 Kf6 43. Kd3 Ra7 44. Kd4 Rd7+ 45. Ke3 Rb7 46. Kd4 f4 47. h4 Kf5 48. hxg5 hxg5 49. Kc3 Ra7 50. Kd4 Kg4 0-1

[Event "Calvi Balagne op 07th"]
[Site "Calvi"]
[Date "2010.04.30"]
[Round "8"]
[White "Massoni, Michael"]
[Black "Gomez, Gustavo Pizzocaro"]
[Result "1-0"]
[WhiteElo "2292"]
[BlackElo "2137"]
[PlyCount "91"]
[EventDate "2010.04.25"]
[EventType "swiss"]
[EventRounds "9"]
[EventCountry "FRA"]
[SourceTitle "CBM 136 Extra"]
[Source "ChessBase"]
[SourceDate "2010.07.02"]
[SourceVersion "2"]
[SourceVersionDate "2010.07.15"]
[SourceQuality "1"]

1. e4 c5 2. Nf3 Nc6 3. d4 cxd4 4. Nxd4 e6 5. Nb5 d6 6. Bf4 e5 7. Be3 a6 8. N5c3 Nf6 9. Be2 Be7 10. Nd5 Nxd5 11. exd5 Nb8 12. 0-0 Bg5 13. Bxg5 Qxg5 14. Nd2 Qe7 15. a4 0-0 16. Nc4 Nd7 17. Qd2 f5 18. f4 e4 19. a5 Nf6 20. Ne3 Bd7 21. b4 g6 22. c4 Qg7 23. Qd4 g5 24. Rac1 Ng4 25. Qxg7+ Kxg7 26. Bxg4 fxg4 27. fxg5 Kg6 28. Rxf8 Rxf8 29. Rf1 Rxf1+ 30. Kxf1 Kxg5 31. Kf2 Kf4 32. Nf1 e3+ 33. Nxe3 Ke4 34. c5 Kd4 35. cxd6 Kc3 36. Kg3 Kxb4 37. Nxg4 Kxa5 38. Ne5 Bc8 39. d7 Bxd7 40. Nxd7 Kb5 41. Kf4 a5 42. Ke5 a4 43. Kd4 Kb4 44. Nc5 a3 45. Nd3+ Kb3 46. d6 1-0

[Event "Calvi Balagne op 07th"]
[Site "Calvi"]
[Date "2010.04.26"]
[Round "2"]
[White "Shishkin, Vadim"]
[Black "Gomez, Gustavo Pizzocaro"]
[Result "1-0"]
[WhiteElo "2516"]
[BlackElo "2137"]
[PlyCount "101"]
[EventDate "2010.04.25"]
[EventType "swiss"]
[EventRounds "9"]
[EventCountry "FRA"]
[SourceTitle "CBM 136 Extra"]
[Source "ChessBase"]
[SourceDate "2010.07.02"]
[SourceVersion "2"]
[SourceVersionDate "2010.07.15"]
[SourceQuality "1"]

1. d4 Nf6 2. c4 e6 3. Nc3 Bb4 4. Qc2 0-0 5. Bg5 h6 6. Bh4 d6 7. Nf3 Nbd7 8. e3 b6 9. Bd3 Bb7 10. 0-0 Bxc3 11. Qxc3 Re8 12. Rad1 Qe7 13. Bc2 g5 14. Bg3 Ne4 15. Bxe4 Bxe4 16. Nd2 Bg6 17. Rde1 f5 18. f4 g4 19. e4 fxe4 20. Nxe4 Bxe4 21. Rxe4 Nf6 22. Re3 Qf7 23. Qd3 Qh7 24. Qe2 Qf5 25. Be1 Kf7 26. Bh4 Nh5 27. Re5 dxe5 28. fxe5 Nf4 29. Qe3 Qg6 30. Rxf4+ Kg8 31. Rf6 Qb1+ 32. Be1 Rf8 33. Rxh6 Rf7 34. Rh4 Qf5 35. h3 gxh3 36. Rxh3 Qf1+ 37. Kh2 Qf4+ 38. Kh1 Raf8 39. d5 Rh7 40. Kg1 Rff7 41. Qxf4 Rxf4 42. b3 Rg7 43. d6 cxd6 44. exd6 Kf8 45. Rg3 Rxg3 46. Bxg3 Rf7 47. b4 Kg8 48. c5 bxc5 49. bxc5 Kf8 50. c6 Ke8 51. d7+ 1-0

[Event "La Roda op 37th"]
[Site "La Roda"]
[Date "2010.04.03"]
[Round "6"]
[White "Vidarte Morales, Arturo"]
[Black "Gomez, Gustavo Pizzocaro"]
[Result "1/2-1/2"]
[WhiteElo "2438"]
[BlackElo "2137"]
[PlyCount "107"]
[EventDate "2010.03.31"]
[EventType "swiss"]
[EventRounds "9"]
[EventCountry "ESP"]
[SourceTitle "CBM 135 Extra"]
[Source "ChessBase"]
[SourceDate "2010.05.04"]
[SourceVersion "1"]
[SourceVersionDate "2010.05.04"]
[SourceQuality "1"]

1. c4 e5 2. g3 Nc6 3. Nc3 Nf6 4. Nf3 Bb4 5. Bg2 0-0 6. 0-0 d6 7. Nd5 Bc5 8. Nxf6+ Qxf6 9. d3 h6 10. Nd2 Qe7 11. Ne4 Bb6 12. Nc3 Be6 13. e3 Rae8 14. b3 Qd7 15. Nd5 Bg4 16. Qc2 Bh3 17. b4 Bxg2 18. Kxg2 Ne7 19. Nxe7+ Qxe7 20. a4 c6 21. c5 Bc7 22. cxd6 Bxd6 23. b5 cxb5 24. axb5 Rc8 25. Qb3 Bc5 26. Ba3 Rfd8 27. Rfc1 Bxa3 28. Rxc8 Rxc8 29. Qxa3 Qxa3 30. Rxa3 Rc5 31. Rxa7 Rxb5 32. g4 Kf8 33. Kf3 Ke7 34. Ra8 Rb2 35. h4 Kf6 36. Rd8 Rb3 37. Ke4 Rb4+ 38. d4 exd4 39. exd4 Rb2 40. f4 Re2+ 41. Kf3 Re6 42. Rd7 Rb6 43. f5 Rb1 44. Kf4 Rf1+ 45. Ke4 Rg1 46. g5+ hxg5 47. hxg5+ Rxg5 48. Rd6+ Ke7 49. Rb6 Rg1 50. Rxb7+ Kf6 51. Rb6+ Kg5 52. Rb7 Kf6 53. Rb6+ Kg5 54. Rb7 1/2-1/2

[Event "La Roda op 37th"]
[Site "La Roda"]
[Date "2010.04.01"]
[Round "2"]
[White "Cori Tello, Deysi Estella"]
[Black "Gomez, Gustavo Pizzocaro"]
[Result "1-0"]
[WhiteElo "2434"]
[BlackElo "2137"]
[PlyCount "45"]
[EventDate "2010.03.31"]
[EventType "swiss"]
[EventRounds "9"]
[EventCountry "ESP"]
[SourceTitle "CBM 135 Extra"]
[Source "ChessBase"]
[SourceDate "2010.05.04"]
[SourceVersion "1"]
[SourceVersionDate "2010.05.04"]
[SourceQuality "1"]

1. d4 Nf6 2. Nf3 d5 3. c4 e6 4. g3 Be7 5. Bg2 0-0 6. 0-0 b6 7. cxd5 exd5 8. Nc3 Bb7 9. Bf4 c6 10. Rc1 Re8 11. Qc2 Nbd7 12. Rfd1 Nf8 13. Be5 Ne6 14. Bxf6 Bxf6 15. e4 g6 16. Qa4 b5 17. Qb3 dxe4 18. Nxe4 Bg7 19. Ne5 Rc8 20. Nxf7 Kxf7 21. Nc5 Ba8 22. Re1 Qd6 23. Bh3 1-0

[Event "Sao Paulo Tabuleiro Cultural 2nd"]
[Site "Sao Paulo"]
[Date "2009.12.17"]
[Round "9"]
[White "Gomez, Gustavo Pizzocaro"]
[Black "Pires, Marcos Vinicius Tor"]
[Result "1/2-1/2"]
[WhiteElo "2155"]
[BlackElo "2113"]
[PlyCount "84"]
[EventDate "2009.12.07"]
[EventType "tourn"]
[EventRounds "8"]
[EventCountry "BRA"]
[SourceTitle "EXT 2022"]
[Source "ChessBase"]
[SourceDate "2021.10.06"]
[SourceVersion "1"]
[SourceVersionDate "2021.10.06"]
[SourceQuality "1"]

1. d4 Nf6 2. c4 g6 3. g3 Bg7 4. Bg2 0-0 5. Nc3 d6 6. Nf3 Nbd7 7. 0-0 e5 8. e4 exd4 9. Nxd4 Re8 10. Re1 a6 11. h3 Rb8 12. Rb1 c5 13. Nc2 Ne5 14. Ne3 Be6 15. b3 Nc6 16. Ned5 Bxd5 17. cxd5 Nd4 18. Be3 Nd7 19. Ne2 Nb5 20. Bc1 Qa5 21. a4 Nc3 22. Nxc3 Bxc3 23. Re2 b5 24. axb5 Rxb5 25. Bf4 Qb6 26. Ra2 a5 27. Bf1 Rb4 28. Qc2 Bg7 29. Bc4 Ne5 30. Bxe5 Bxe5 31. f4 Bd4+ 32. Kh1 Qc7 33. Qd3 Qd7 34. Kg2 Qc7 35. Rf1 Ra8 36. Ra4 Qd7 37. e5 dxe5 38. fxe5 Bxe5 39. d6 Qxd6 40. Qxd6 Bxd6 41. Rxb4 axb4 42. Rxf7 Kh8 1/2-1/2

[Event "Sao Paulo Tabuleiro Cultural 2nd"]
[Site "Sao Paulo"]
[Date "2009.12.08"]
[Round "4"]
[White "Terao, Rodrigo Akira"]
[Black "Gomez, Gustavo Pizzocaro"]
[Result "1-0"]
[WhiteElo "2264"]
[BlackElo "2155"]
[PlyCount "31"]
[EventDate "2009.12.07"]
[EventType "tourn"]
[EventRounds "8"]
[EventCountry "BRA"]
[SourceTitle "EXT 2022"]
[Source "ChessBase"]
[SourceDate "2021.10.06"]
[SourceVersion "1"]
[SourceVersionDate "2021.10.06"]
[SourceQuality "1"]

1. e4 e5 2. Nf3 Nc6 3. Nc3 Nf6 4. d4 exd4 5. Nxd4 Bb4 6. Nxc6 bxc6 7. Bd3 h6 8. e5 Nd5 9. Bd2 Qh4 10. Qf3 Bb7 11. 0-0 h5 12. Rfe1 0-0-0 13. Re4 Qe7 14. Nxd5 cxd5 15. Rxb4 c5 16. Rxb7 1-0

[Event "Wch U20"]
[Site "Puerto Madryn"]
[Date "2009.10.25"]
[Round "5"]
[White "Gomez, Gustavo Pizzocaro"]
[Black "Tristan, Leonardo"]
[Result "0-1"]
[WhiteElo "2176"]
[BlackElo "2412"]
[PlyCount "68"]
[EventDate "2009.10.22"]
[EventType "swiss"]
[EventRounds "13"]
[EventCountry "ARG"]
[SourceTitle "EXT 2010"]
[Source "ChessBase"]
[SourceDate "2010.11.25"]
[SourceVersion "1"]
[SourceVersionDate "2010.11.25"]
[SourceQuality "1"]

1. d4 Nf6 2. Nf3 e6 3. Bg5 c5 4. c3 Be7 5. e3 0-0 6. Bd3 b6 7. Nbd2 Nc6 8. 0-0 Bb7 9. e4 d6 10. Qe2 cxd4 11. Nxd4 Ne5 12. Bc2 Qc8 13. a4 h6 14. Bh4 Ng6 15. Bg3 Nd7 16. f4 Bf6 17. N2f3 e5 18. fxe5 dxe5 19. Nb5 a6 20. Na3 Qc5+ 21. Kh1 Nf4 22. Bxf4 exf4 23. Qd2 Qc7 24. Rae1 Rfe8 25. Qc1 Bg5 26. Nb1 Ne5 27. Nbd2 Ng4 28. Nxg5 hxg5 29. Nf3 Qc5 30. Nd4 Rad8 31. Bb1 Rxd4 32. cxd4 Qxd4 33. h3 Ne3 34. Rf3 Rc8 0-1